000 01044nam a2200289Ia 4500
003 OSt
005 20220923211214.0
006 a|||||r|||| 00| 0
007 ta
008 220922b |||||||| |||| 00| 0 hin d
020 _a9788126316748 (hbk)
_c110
024 _a285,232
037 _b30, 14/03/2015, P. K. Books
_cTextual
040 _aARTS
_cARTS
_bhin
041 _2hin
_ahin
082 _aO152,3N358x, P9
100 _aसेठ, राजी
_9159619
245 0 _aग़मे - हयात ने मारा
246 _aग़me - hayāt ne mārā
250 _a2 संस्करण
260 _aनयी दिल्ली
_b भारतीय ज्ञानपीठ
_c2009
300 _a132पृ.
_ccm.
490 _aलोकोदय ग्रन्थमाला; ग्रन्थांक 811
650 _aहिन्दी साहित्य
_9156264
942 _hO152,3N358x, P9
_cTEXL
_2CC
999 _c296822
_d296822